000 00533cam a22002171 4500
001 sa 65010387
003 DLC
005 20260227112208.0
008 811121s1964 xx a 000 0 tel
010 _asa 65010387
035 _a(OCoLC)14626072
040 _aDLC
_cDNLM
_dDLC
042 _apremarc
050 0 0 _aRE51
_b.R3
060 0 _aWW 100
_bR128k 1964
100 2 _aRadhakrishna Murthy, Guntupalli,
_d1930-
245 1 0 _aKallanu kāpādukōndi.
260 _c[1964]
300 _avi, 63 p.
_bill.
500 _aIn Telugu.
999 _c66705
_d66705